<?xml version="1.0" encoding="UTF-8"?><?xml-stylesheet type="text/xsl" href="static/style.xsl"?><OAI-PMH xmlns="http://www.openarchives.org/OAI/2.0/" xmlns:xsi="http://www.w3.org/2001/XMLSchema-instance" xsi:schemaLocation="http://www.openarchives.org/OAI/2.0/ http://www.openarchives.org/OAI/2.0/OAI-PMH.xsd"><responseDate>2026-04-14T05:46:22Z</responseDate><request verb="GetRecord" identifier="oai:www.recercat.cat:2117/359350" metadataPrefix="marc">https://recercat.cat/oai/request</request><GetRecord><record><header><identifier>oai:recercat.cat:2117/359350</identifier><datestamp>2025-07-23T00:36:57Z</datestamp><setSpec>com_2072_1033</setSpec><setSpec>col_2072_452951</setSpec></header><metadata><record xmlns="http://www.loc.gov/MARC21/slim" xmlns:dcterms="http://purl.org/dc/terms/" xmlns:xsi="http://www.w3.org/2001/XMLSchema-instance" xmlns:doc="http://www.lyncode.com/xoai" xsi:schemaLocation="http://www.loc.gov/MARC21/slim http://www.loc.gov/standards/marcxml/schema/MARC21slim.xsd">
   <leader>00925njm 22002777a 4500</leader>
   <datafield ind2=" " ind1=" " tag="042">
      <subfield code="a">dc</subfield>
   </datafield>
   <datafield ind2=" " ind1=" " tag="720">
      <subfield code="a">Castro Gualán, Luis Angel</subfield>
      <subfield code="e">author</subfield>
   </datafield>
   <datafield ind2=" " ind1=" " tag="260">
      <subfield code="c">2021-10-20</subfield>
   </datafield>
   <datafield ind2=" " ind1=" " tag="520">
      <subfield code="a">El presente Trabajo Final de Máster estudia la viabilidad técnica y económica que tendría realizar el abastecimiento de energía térmica y eléctrica del Centro de Educación Especial Montserrat Montero, de Granollers, mediante fuentes de energía renovables. Por una parte, se define una alternativa al actual sistema de generación de energía térmica del centro: calderas de gasoil, seleccionando uno más eficiente y respetuoso con el medio ambiente. Para ello, se ha estudiado las diferentes alternativas renovables que actualmente existen en el mercado y se ha analizado las ventajas y desventajas que presentan cada una. Por otra parte, se define la instalación fotovoltaica de autoconsumo que mejor se adecua a las necesidades del centro, con el objetivo de reducir el consumo de energía proveniente de la red eléctrica.</subfield>
   </datafield>
   <datafield ind2=" " ind1=" " tag="520">
      <subfield code="a">Objectius de Desenvolupament Sostenible::7 - Energia Assequible i No Contaminant</subfield>
   </datafield>
   <datafield tag="653" ind2=" " ind1=" ">
      <subfield code="a">Àrees temàtiques de la UPC::Energies</subfield>
   </datafield>
   <datafield tag="653" ind2=" " ind1=" ">
      <subfield code="a">Photovoltaic power generation</subfield>
   </datafield>
   <datafield tag="653" ind2=" " ind1=" ">
      <subfield code="a">Electric power--Conservation</subfield>
   </datafield>
   <datafield tag="653" ind2=" " ind1=" ">
      <subfield code="a">Energia solar fotovoltaica</subfield>
   </datafield>
   <datafield tag="653" ind2=" " ind1=" ">
      <subfield code="a">Energia elèctrica--Estalvi</subfield>
   </datafield>
   <datafield ind2="0" ind1="0" tag="245">
      <subfield code="a">Estudio para sustituir el actual sistema de generación de energía térmica del CEE Montserrat Montero por otro sistema más eficiente y respetuoso con el medio ambiente, y reducir el consumo eléctrico del centro mediante la implantación de paneles solares</subfield>
   </datafield>
</record></metadata></record></GetRecord></OAI-PMH>